00445ntaaa2200145 45000030003000000050017000030080021000200400037000410820017000781000044000952450075001392500010002142600066002243000009002900120251027203120.00714s1973 ag 01  aAR-BaBNbspacAR-BaBNeaacrdRIC a136.7660 C76 aConsejo Unido de Educación Cristiana  aQué actitud asumir? Cuando nace un niño con deficiencias mentales. a1 ed. aMontevideo : bConsejo Unido de Educación Cristiana, c1966 as/p.